Car Manufacturer Logo - Statistics

General Stats
  • This quiz has been taken 232 times
  • The average score is 22 of 31
Answer Stats
Picture Answer % Correct
BMW
98%
Mercedes-Benz
96%
Ford
95%
Audi
94%
Tesla
94%
Hyundai
93%
Toyota
93%
Ferrari
92%
Volkswagen
92%
Bentley
91%
Lamborghini
91%
Lexus
90%
Porsche
90%
Chevrolet
88%
Mazda
88%
Volvo
83%
Alfa Romeo
82%
Cadillac
80%
Renault
78%
Nissan
77%
Fiat
75%
Pontiac
65%
Chrysler
55%
Honda
49%
Saturn
39%
Mercury
33%
Oldsmobile
25%
AMC
16%
Plymouth
16%
DeSoto
10%
Packard
10%
No matching quizzes found
Score Distribution
Percent of People with Each Score
Percentile by Number Answered
Your Score History
You have not taken this quiz